[Event "27e tournoi 1hKO"]
[Site "Montigny le Bretonneux"]
[Date "2025.06.01"]
[Round "8.20"]
[White "Tanchoux, Pierre"]
[Black "Gabory, Clement"]
[Result "1-0"]
[WhiteElo "1462"]
[BlackElo "1299"]
[Annotator "Rivier,Sylvain"]
[PlyCount "81"]
[EventDate "2025.??.??"]
[WhiteTeam "La Dame Noire"]
[BlackTeam "Club d'Echecs de Guyancourt"]

{Partie viennoise, variante Falkbeer} 1. g3 e5 2. d3 Nc6 3. Bg2 Nf6 4. Nf3 Bc5
5. O-O O-O 6. e4 d6 7. Nc3 Bg4 8. Bg5 Nd4 9. Nd5 Kh8 10. h3 Bxf3 11. Bxf3 h6
12. Be3 Nxd5 13. exd5 Nxf3+ 14. Qxf3 Bxe3 15. fxe3 Qd7 16. Kg2 f5 17. Qe2 Rf7
18. Rf2 Raf8 19. Raf1 g5 20. Qh5 f4 21. exf4 exf4 22. gxf4 gxf4 23. Qxh6+ Rh7
24. Qe6 Rg8+ 25. Kh2 Qd8 26. Rxf4 Rh4 27. Rxh4+ Qxh4 28. Qf6+ Kh7 29. Qxh4+ Kg7
30. Qe7+ Kh6 31. Rf6+ Rg6 32. Rxg6+ Kxg6 33. Kg3 Kf5 34. Qe4+ Kg5 35. h4+ Kf6
36. Kg4 Kg7 37. Qe6 Kh7 38. Kg5 Kg7 39. Qe7+ Kg8 40. Kg6 b6 41. Qg7# 1-0

[Event "27e tournoi 1hKO"]
[Site "Montigny le Bretonneux"]
[Date "2025.06.01"]
[Round "8.21"]
[White "Carbonero, Jean Marc"]
[Black "Orfila, Hugo"]
[Result "0-1"]
[WhiteElo "1399"]
[BlackElo "1299"]
[Annotator "Rivier,Sylvain"]
[PlyCount "76"]
[EventDate "2025.??.??"]
[WhiteTeam "La Dame Noire"]
[BlackTeam "Club d'Echecs de Guyancourt"]

{Partie espagnole, défense berlinoise} 1. e4 e5 2. Nf3 Nc6 3. Bb5 Nf6 4. O-O
Bc5 5. h3 d5 6. d3 d4 7. c3 Be6 8. Nxe5 O-O 9. Nxc6 bxc6 10. Bxc6 Rb8 11. e5
Nd5 12. c4 Ne7 13. Bf3 Ng6 14. a3 Nxe5 15. b4 Be7 16. c5 Nxf3+ 17. Qxf3 Bd5 18.
Qg4 Be6 19. Qg3 Bh4 20. Qe5 Re8 21. Kh2 Bxh3 22. Qh5 Be6 23. g3 Bf6 24. f4 Bd5
25. g4 Re2+ 26. Kg3 Rg2+ 27. Kh3 g6 28. Qh6 Rc2 29. g5 Bg2+ 30. Kg3 Bxf1 31.
gxf6 Qxf6 32. Nd2 Bxd3 33. Qg5 Qxg5+ 34. fxg5 Rc3 35. Nf3 Be4 36. Bf4 Rxf3+ 37.
Kg4 f5+ 38. Kh4 Rxf4+ 0-1

[Event "27e tournoi 1hKO"]
[Site "Montigny le Bretonneux"]
[Date "2025.06.01"]
[Round "8.22"]
[White "Orfila, Leila"]
[Black "Couradin, Bruno"]
[Result "0-1"]
[WhiteElo "1299"]
[BlackElo "1554"]
[Annotator "Rivier,Sylvain"]
[PlyCount "56"]
[EventDate "2025.??.??"]
[WhiteTeam "Club d'Echecs de Guyancourt"]
[BlackTeam "La Dame Noire"]

{Défense sicilienne} 1. e4 c5 2. Bc4 e6 3. Nc3 Nc6 4. d3 Nf6 5. Bg5 Be7 6. Nf3
h6 7. Bh4 Nh7 8. Bg3 Ng5 9. O-O Nd4 10. Nxd4 cxd4 11. Nb5 d6 12. Nxd4 a6 13.
Qe2 e5 14. Nf5 Bxf5 15. exf5 Qd7 16. Qg4 h5 17. Qe2 h4 18. f4 hxg3 19. hxg3 Nh7
20. fxe5 dxe5 21. Qxe5 O-O 22. Rf4 Bf6 23. Qe2 Rfe8 24. Qh5 Bg5 25. Rg4 Qxf5
26. Rf1 Be3+ 27. Rf2 Bxf2+ 28. Kf1 Re1# 0-1

[Event "27e tournoi 1hKO"]
[Site "Montigny le Bretonneux"]
[Date "2025.06.01"]
[Round "8.23"]
[White "Bouloc, Roger"]
[Black "Leblanc, Didier"]
[Result "1-0"]
[WhiteElo "1438"]
[BlackElo "1399"]
[Annotator "Rivier,Sylvain"]
[PlyCount "55"]
[EventDate "2025.??.??"]
[WhiteTeam "La Dame Noire"]
[BlackTeam "Saint-Quentin en Yvelines"]

{Défense Philidor} 1. e4 e5 2. Nf3 d6 3. d4 Nf6 4. dxe5 dxe5 5. Qxd8+ Kxd8 6.
Nxe5 Be6 7. Nc3 Bb4 8. Bd2 h5 9. Bd3 Ng4 10. Nxg4 hxg4 11. a3 Bd6 12. O-O-O Rh5
13. Be2 f5 14. Bf4 Nd7 15. Bxd6 cxd6 16. Rxd6 Ke7 17. Rdd1 Nf6 18. exf5 Bxf5
19. h3 Rh4 20. Rde1 gxh3 21. gxh3 Rxh3 22. Bg4+ Ne4 23. Rxh3 Ke6 24. Nxe4 Ke7
25. Rg1 Kf7 26. Bxf5 Rd8 27. Rd1 Rh8 28. Rd7+ 1-0

[Event "27e tournoi 1hKO"]
[Site "Montigny le Bretonneux"]
[Date "2025.06.01"]
[Round "9.1"]
[White "Almeida, Oscar Coelho"]
[Black "Thibous, Mathis"]
[Result "0-1"]
[WhiteElo "1822"]
[BlackElo "2145"]
[Annotator "Rivier,Sylvain"]
[PlyCount "42"]
[EventDate "2025.??.??"]
[WhiteTeam "Saint-Quentin en Yvelines"]
[BlackTeam "Fontainebleau-Avon"]

{Défense sicilienne, gambit Morra} 1. e4 c5 2. Nf3 a6 3. d4 cxd4 4. Bc4 d6 5.
c3 dxc3 6. Nxc3 Nc6 7. Qe2 e6 8. O-O Nf6 9. Rd1 Qc7 10. Nd5 exd5 11. exd5+ Ne5
12. Nxe5 dxe5 13. Bg5 Bd6 14. Rac1 O-O 15. Bxf6 gxf6 16. Bd3 Qe7 17. Qh5 e4 18.
Re1 Qe5 19. Qh4 Qxh2+ 20. Qxh2 Bxh2+ 21. Kxh2 exd3 0-1

[Event "27e tournoi 1hKO"]
[Site "Montigny le Bretonneux"]
[Date "2025.06.01"]
[Round "9.2"]
[White "Krivcenko, Aleksandrs"]
[Black "Suffert, Martin"]
[Result "1-0"]
[WhiteElo "1919"]
[BlackElo "1896"]
[Annotator "Rivier,Sylvain"]
[PlyCount "36"]
[EventDate "2025.??.??"]
[WhiteTeam "Fontainebleau-Avon"]
[BlackTeam "la Tour des Clayes"]

1. d4 Nf6 2. c4 e6 3. g3 d5 4. Bg2 Be7 5. Nf3 O-O 6. Nc3 dxc4 7. Ne5 c5 8. dxc5
Qxd1+ 9. Nxd1 Bxc5 10. Nxc4 Nc6 11. Nc3 Bd7 12. O-O Rfd8 13. Bf4 Be8 14. Nb5 a6
15. Nbd6 Rd7 16. b4 Bxd6 17. Bxc6 bxc6 18. Bxd6 Ne4 {Suite illisible} 1-0

[Event "27e tournoi 1hKO"]
[Site "Montigny le Bretonneux"]
[Date "2025.06.01"]
[Round "9.3"]
[White "Chevrier, Denis"]
[Black "Thibous, Leo"]
[Result "0-1"]
[WhiteElo "1734"]
[BlackElo "1862"]
[Annotator "Rivier,Sylvain"]
[PlyCount "64"]
[EventDate "2025.??.??"]
[WhiteTeam "Club d'Echecs de l'Arpajonnais"]
[BlackTeam "Fontainebleau-Avon"]

{Ouverture anglaise} 1. c4 g6 2. e3 Bg7 3. Ne2 d6 4. g3 e5 5. Bg2 Ne7 6. Nbc3
O-O 7. O-O f5 8. d4 Nbc6 9. Rb1 g5 10. b4 Ng6 11. b5 Nce7 12. f4 gxf4 13. exf4
e4 14. Be3 c6 15. a4 Kh8 16. Kh1 Ng8 17. Ng1 Nf6 18. Nh3 Ng4 19. Bc1 c5 20. Ne2
cxd4 21. Nxd4 Qb6 22. Nb3 Be6 23. a5 Qc7 24. Ba3 Rfd8 25. Nd4 Bxc4 26. Nxf5
Bxf1 27. Qxg4 Bxg2+ 28. Kg1 Bxh3 29. Qxh3 Bf6 30. Re1 Qxa5 31. Bxd6 Rxd6 32.
Nxd6 Qb6+ 0-1

[Event "27e tournoi 1hKO"]
[Site "Montigny le Bretonneux"]
[Date "2025.06.01"]
[Round "9.4"]
[White "Alami Messaoudi, Wissam"]
[Black "Forissier, Nicolas"]
[Result "1-0"]
[WhiteElo "1784"]
[BlackElo "1890"]
[Annotator "Rivier,Sylvain"]
[PlyCount "75"]
[EventDate "2025.??.??"]
[WhiteTeam "La Dame Noire"]
[BlackTeam "La Dame Noire"]

{Partie espagnole, défense Morphy} 1. e4 e5 2. Nf3 Nc6 3. Bb5 a6 4. Ba4 Nf6 5.
d3 b5 6. Bb3 Be7 7. a4 b4 8. a5 O-O 9. O-O d6 10. h3 Na7 11. Nbd2 c5 12. Nc4
Nc6 13. Re1 Rb8 14. c3 Be6 15. d4 cxd4 16. cxd4 exd4 17. Nxd4 Nxd4 18. Qxd4 Qc7
19. Bf4 Rbd8 20. Rec1 Qc5 21. Qxc5 dxc5 22. f3 Rd3 23. Ba4 Rfd8 24. Ne5 Nh5 25.
Nxd3 Rxd3 26. Bh2 Bf6 27. Rd1 c4 28. g4 Bd4+ 29. Kg2 Nf6 30. Bc2 Bxb2 31. Bxd3
c3 32. Bxa6 h6 33. Bd3 Nd7 34. a6 Nc5 35. a7 Nxd3 36. a8=Q+ Kh7 37. Rxd3 c2 38.
Bf4 1-0

[Event "27e tournoi 1hKO"]
[Site "Montigny le Bretonneux"]
[Date "2025.06.01"]
[Round "9.5"]
[White "Fasquelle, Cedric"]
[Black "Kissian, Pascal"]
[Result "1-0"]
[WhiteElo "1774"]
[BlackElo "1650"]
[Annotator "Rivier,Sylvain"]
[PlyCount "61"]
[EventDate "2025.??.??"]
[WhiteTeam "Saint-Quentin en Yvelines"]
[BlackTeam "la Tour des Clayes"]

{Défense scandinave} 1. e4 d5 2. exd5 Qxd5 3. Nc3 Qa5 4. Nf3 Bg4 5. Be2 c6 6.
d4 e6 7. Bf4 Nf6 8. Qd2 Bb4 9. O-O Ne4 10. Qe3 Nxc3 11. bxc3 Bxc3 12. Rab1 b5
13. Bd6 Bf5 14. Qg5 Qd8 15. Qxg7 Qxd6 16. Qxh8+ Qf8 17. Qe5 Nd7 18. Qe3 Ba5 19.
Ne5 Nxe5 20. Qxe5 Rc8 21. Bf3 Kd7 22. Rbc1 Bc7 23. Qe3 Qd6 24. g3 Bb6 25. Rfd1
Kc7 26. c4 bxc4 27. Rxc4 Kb7 28. Rdc1 e5 29. Rxc6 Rxc6 30. Rxc6 Bxd4 31. Rxd6+
1-0

[Event "27e tournoi 1hKO"]
[Site "Montigny le Bretonneux"]
[Date "2025.06.01"]
[Round "9.7"]
[White "Neveu, Raphael"]
[Black "Corbillet, Mathieu"]
[Result "1-0"]
[WhiteElo "1741"]
[BlackElo "1652"]
[Annotator "Rivier,Sylvain"]
[PlyCount "30"]
[EventDate "2025.??.??"]
[WhiteTeam "La Dame Noire"]
[BlackTeam "La Dame Noire"]

{Gambit dame, système Ragozin} 1. d4 d5 2. Nf3 Nf6 3. c4 e6 4. Nc3 Bb4 5. Bg5
b6 6. Qa4+ Bd7 7. Qxb4 Nc6 8. Qa3 h6 9. Bh4 g5 10. Bg3 h5 11. e3 Rg8 12. Ne5
Nxe5 13. Bxe5 Ng4 14. Be2 Nxe5 15. dxe5 h4 {suite illisible} 1-0

[Event "27e tournoi 1hKO"]
[Site "Montigny le Bretonneux"]
[Date "2025.06.01"]
[Round "9.8"]
[White "Ferreira-Yang, Maxime"]
[Black "Plantet, Marc"]
[Result "0-1"]
[WhiteElo "1619"]
[BlackElo "1854"]
[Annotator "Rivier,Sylvain"]
[PlyCount "98"]
[EventDate "2025.??.??"]
[WhiteTeam "Club d'Echecs de Guyancourt"]
[BlackTeam "La Dame Noire"]

{Défense sicilienne, variante Löwenthal} 1. e4 c5 2. Nf3 Nc6 3. d4 cxd4 4.
Nxd4 Qb6 5. c3 Nf6 6. Nxc6 dxc6 7. Qc2 e5 8. Bd3 Bc5 9. O-O O-O 10. Nd2 Be6 11.
Nf3 Qc7 12. Bg5 Ne8 13. Rfe1 f6 14. Be3 Be7 15. Nd2 Rd8 16. f3 b5 17. b4 Qd6
18. Bc5 Qxd3 19. Qxd3 Bxc5+ 20. bxc5 Rxd3 21. Red1 Rxc3 22. Rdc1 Rxc1+ 23. Rxc1
Nc7 24. a3 Rd8 25. Nb1 a5 26. h3 Na6 27. Kh2 Bc4 28. a4 Ba2 29. axb5 cxb5 30.
c6 Bxb1 31. Rxb1 Nb4 32. c7 Rc8 33. Ra1 Nc6 34. Rb1 b4 35. h4 Rxc7 36. g4 Nd4
37. Kg2 Rc2+ 38. Kg3 b3 39. g5 a4 40. f4 a3 41. f5 a2 42. Ra1 Rc1 43. Rxc1 Ne2+
44. Kg4 Nxc1 45. Kh5 a1=Q 46. g6 Nd3 47. gxh7+ Kxh7 48. Kg4 Qg1+ 49. Kf3 Qf2+
0-1

[Event "27e tournoi 1hKO"]
[Site "Montigny le Bretonneux"]
[Date "2025.06.01"]
[Round "9.9"]
[White "Alluch Abdellach, Nordin"]
[Black "Conchou, Patrick"]
[Result "1/2-1/2"]
[WhiteElo "1665"]
[BlackElo "1399"]
[Annotator "Rivier,Sylvain"]
[PlyCount "136"]
[EventDate "2025.??.??"]
[WhiteTeam "Saint-Quentin en Yvelines"]
[BlackTeam "Echecs Club d'Orgeval"]

{Défense Nimzo-indienne} 1. d4 Nf6 2. c4 e6 3. Nc3 Be7 4. e3 O-O 5. Nf3 d6 6.
Be2 Nbd7 7. b3 b6 8. O-O Bb7 9. Qc2 h6 10. Bb2 a6 11. Rad1 Qe8 12. Rfe1 c5 13.
d5 e5 14. Nh4 g6 15. g3 Nh7 16. Ng2 f5 17. f4 e4 18. Kh1 Bf6 19. Rg1 Kh8 20.
Rdf1 Rg8 21. Bc1 Qf7 22. Nd1 Rg7 23. Nf2 h5 24. Bd2 Qe7 25. h4 Rag8 26. Nh3
Nhf8 27. Bc3 Nh7 28. Ng5 Nxg5 29. hxg5 Bxc3 30. Qxc3 Kh7 31. Nh4 Qe8 32. a4 a5
33. Qa1 Rf8 34. Rf2 Rh8 35. Rh2 Kg8 36. Kg2 Qf7 37. Rgh1 Rgh7 38. Kf2 Qg7 39.
Qc1 Qf7 40. Rh3 Bc8 41. R1h2 Nf8 42. Bd1 Bd7 43. Bc2 Qg7 44. Qd2 Bc8 45. Rh1
Bd7 46. Rb1 Bc8 47. Rhh1 Qa7 48. Ra1 Qg7 49. Rhb1 Qa7 50. Qc3 Qg7 51. Qd2 Qa7
52. Qc1 Rc7 53. Qb2 Rch7 54. Qf6 Qe7 55. Qb2 Qg7 56. Qc1 Bd7 57. Rb2 Bc8 58.
Qb1 Bd7 59. Qc1 Bc8 60. Rbb1 Bd7 61. Ke2 Bc8 62. Bd1 Bd7 63. Kd2 Bc8 64. Kc2
Bd7 65. Rb2 Bc8 66. Kb1 Qa7 67. Ka2 Bd7 68. Qd2 Be8 1/2-1/2

[Event "27e tournoi 1hKO"]
[Site "Montigny le Bretonneux"]
[Date "2025.06.01"]
[Round "9.10"]
[White "Meddour, Ithri"]
[Black "Payot, Guillaume"]
[Result "1/2-1/2"]
[WhiteElo "1562"]
[BlackElo "1729"]
[Annotator "Rivier,Sylvain"]
[PlyCount "59"]
[EventDate "2025.??.??"]
[WhiteTeam "Saint-Quentin en Yvelines"]
[BlackTeam "CE Le Roi Soleil - Le Chesnay - Versailles"]

{Partie du pion dame} 1. Nf3 d5 2. d4 Nf6 3. Bf4 c5 4. Nc3 a6 5. a4 Nc6 6. e3
Bg4 7. Be2 e6 8. Ne5 Bxe2 9. Nxe2 Bd6 10. Nxc6 bxc6 11. c3 O-O 12. dxc5 Bxc5
13. b4 Bd6 14. O-O Rb8 15. Bxd6 Qxd6 16. Qd3 Ra8 17. Rfb1 Nd7 18. f4 e5 19. c4
Rfd8 20. c5 Qf6 21. g3 h5 22. h4 Re8 23. Nc3 Qe6 24. f5 Qf6 25. e4 dxe4 26.
Qxd7 Rad8 27. Qa7 Qxf5 28. Rf1 Qg6 29. Nxe4 Qxe4 30. Qxf7+ 1/2-1/2

[Event "27e tournoi 1hKO"]
[Site "Montigny le Bretonneux"]
[Date "2025.06.01"]
[Round "9.11"]
[White "Branson, James"]
[Black "Moulun, Raphael"]
[Result "1/2-1/2"]
[WhiteElo "1665"]
[BlackElo "1597"]
[Annotator "Rivier,Sylvain"]
[PlyCount "43"]
[EventDate "2025.??.??"]
[WhiteTeam "Club d'Echecs de Guyancourt"]
[BlackTeam "La Dame Noire"]

{Gambit du roi} 1. e4 e5 2. f4 Nf6 3. fxe5 Nxe4 4. Nf3 Ng5 5. d4 Be7 6. Bc4 d6
7. O-O Bg4 8. Bxg5 Nc6 9. Bxe7 Qxe7 10. exd6 Qxd6 11. Bxf7+ Kd7 12. c3 Raf8 13.
Bc4 Rf4 14. Qa4 Bxf3 15. Rxf3 Rxf3 16. gxf3 Re8 17. Qd1 Ne5 18. Be2 Qg6+ 19.
Kh1 Nf7 20. Nd2 Ng5 21. Qf1 Qe6 22. Bd3 {Suite illisible} 1/2-1/2

[Event "27e tournoi 1hKO"]
[Site "Montigny le Bretonneux"]
[Date "2025.06.01"]
[Round "9.12"]
[White "Saint-Esteben, Anton"]
[Black "Pujol, Nicolas"]
[Result "1-0"]
[WhiteElo "1650"]
[BlackElo "1654"]
[Annotator "Rivier,Sylvain"]
[PlyCount "103"]
[EventDate "2025.??.??"]
[WhiteTeam "Club d'Echecs du Vesinet"]
[BlackTeam "CE Le Roi Soleil - Le Chesnay - Versailles"]

{Partie du pion dame} 1. d4 d5 2. Bf4 Nf6 3. Nf3 c5 4. c3 Nc6 5. e3 Bg4 6. Nbd2
e6 7. h3 Bh5 8. Bb5 Nd7 9. O-O Be7 10. Bxc6 bxc6 11. c4 cxd4 12. exd4 O-O 13.
Qc2 Bg6 14. Qc3 h6 15. Rfe1 Re8 16. Ne5 Bh7 17. Nxc6 Qb6 18. Nxe7+ Rxe7 19.
cxd5 Nf6 20. dxe6 fxe6 21. Qc5 Qd8 22. Qd6 Qe8 23. Be5 Rd8 24. Qa6 Nd5 25. a3
Rb8 26. Bxb8 Qxb8 27. b4 Nf4 28. Rac1 Re8 29. Rc6 Bf5 30. Rec1 Qd8 31. Rc8
Nxh3+ 32. Kf1 Qg5 33. Rxe8+ Kh7 34. Qe2 Nf4 35. Nf3 Qxg2+ 36. Ke1 Nxe2 37. Kxe2
Bg4 38. Rc3 h5 39. Rf8 h4 40. Ke1 h3 41. Ng5+ Kg6 42. Nxh3 Bxh3 43. Rg3+ Qxg3
44. fxg3 Bg2 45. Kf2 Bd5 46. Ke3 Kg5 47. Rg8 g6 48. Rg7 a6 49. a4 Bc6 50. Ra7
Bxa4 51. Rxa6 Bb5 52. Ra5 1-0

[Event "27e tournoi 1hKO"]
[Site "Montigny le Bretonneux"]
[Date "2025.06.01"]
[Round "9.13"]
[White "Nguyen-Vany, Jean"]
[Black "Hajjouj, Mouhcine"]
[Result "1/2-1/2"]
[WhiteElo "1653"]
[BlackElo "1592"]
[Annotator "Rivier,Sylvain"]
[PlyCount "77"]
[EventDate "2025.??.??"]
[WhiteTeam "Echiquier Médocain"]
[BlackTeam "Cercle Echiquier Pertuisien"]

{Partie du pion dame} 1. d4 d5 2. Bf4 Nf6 3. e3 Bf5 4. Nf3 e6 5. c3 Bd6 6. Bg5
h6 7. Bh4 O-O 8. Ne5 Be7 9. Qb3 b6 10. Bb5 a6 11. Nc6 Nxc6 12. Bxc6 Rb8 13. Bg3
Bd6 14. Be5 Bxe5 15. dxe5 Nd7 16. Bxd7 Qxd7 17. O-O c5 18. Nd2 c4 19. Qd1 Qc7
20. f4 Qc5 21. Qe1 Rfc8 22. Nf3 b5 23. a3 a5 24. Nd4 Bd3 25. Rf2 b4 26. h3 bxc3
27. Qxc3 Be4 28. Kh2 Rb6 29. Rd1 a4 30. g4 Rcb8 31. Rdd2 R8b7 32. Kg3 Rb3 33.
Nxb3 Rxb3 34. Qd4 Rxe3+ 35. Kh2 Qxd4 36. Rxd4 Re1 37. Rdd2 g5 38. fxg5 hxg5 39.
Rfe2 1/2-1/2

[Event "27e tournoi 1hKO"]
[Site "Montigny le Bretonneux"]
[Date "2025.06.01"]
[Round "9.14"]
[White "Longbien, Dominique"]
[Black "Adsul, Tanush"]
[Result "1/2-1/2"]
[WhiteElo "1618"]
[BlackElo "1299"]
[Annotator "Rivier,Sylvain"]
[PlyCount "78"]
[EventDate "2025.??.??"]
[WhiteTeam "La Dame Noire"]
[BlackTeam "La Dame Noire"]

{Défense Pirc} 1. e4 d6 2. d4 Nf6 3. Nc3 g6 4. g3 Bg7 5. Bg2 O-O 6. Nge2 Bd7
7. O-O Qc8 8. Re1 Nc6 9. Be3 Ng4 10. Bc1 e5 11. d5 Ne7 12. Bg5 Nf6 13. Qd2 Re8
14. Kh1 Bh3 15. Ng1 Bxg2+ 16. Kxg2 Qd7 17. b3 c6 18. Bh6 Bh8 19. Rad1 Ng4 20.
Bg5 cxd5 21. Nxd5 Nxd5 22. Qxd5 Qc7 23. c4 Re6 24. Ne2 Nf6 25. Qd2 Nxe4 26. Qe3
Nxg5 27. Qxg5 f6 28. Qd2 Kf7 29. Nc3 f5 30. Nd5 Qc6 31. Kg1 Rd8 32. Qa5 Rd7 33.
Qxa7 Qc5 34. Qa4 Qc6 35. Qb4 Qc5 36. Qd2 e4 37. Nf4 Rf6 38. Qc3 Ke8 39. Nd5 Rf8
1/2-1/2

[Event "27e tournoi 1hKO"]
[Site "Montigny le Bretonneux"]
[Date "2025.06.01"]
[Round "9.15"]
[White "Elie, Nicolas"]
[Black "Couradin, Jean-Marie"]
[Result "0-1"]
[WhiteElo "1490"]
[BlackElo "1712"]
[Annotator "Rivier,Sylvain"]
[PlyCount "49"]
[EventDate "2025.??.??"]
[WhiteTeam "Club d'Echecs de Guyancourt"]
[BlackTeam "La Dame Noire"]

1. e4 d6 2. d4 g6 3. Nf3 Bg7 4. Nc3 Nd7 5. Bc4 e6 6. e5 d5 7. Bb3 a6 8. Bg5 Ne7
9. O-O c5 10. dxc5 Nxc5 11. Qd4 Qc7 12. Na4 b6 13. Nxc5 bxc5 14. Ba4+ Kf8 15.
Qe3 Nf5 16. Qc3 Bb7 17. Bf6 d4 18. Bxg7+ Kxg7 19. Qe1 Bxf3 20. gxf3 Rad8 21.
Rd1 Qb7 22. b3 Qxf3 23. Rd3 Qg4+ 24. Kh1 Qg5 25. Bc6 {suite illisible} 0-1

[Event "27e tournoi 1hKO"]
[Site "Montigny le Bretonneux"]
[Date "2025.06.01"]
[Round "9.16"]
[White "Cros, Isidore"]
[Black "Gabory, Donatien"]
[Result "1-0"]
[WhiteElo "1439"]
[BlackElo "1299"]
[Annotator "Rivier,Sylvain"]
[PlyCount "77"]
[EventDate "2025.??.??"]
[WhiteTeam "Le Petit Pouchet Paris"]
[BlackTeam "Club d'Echecs de Guyancourt"]

{Défense Philidor} 1. e4 e5 2. Nf3 Nc6 3. d4 d6 4. dxe5 Nxe5 5. Nxe5 Qe7 6.
Nf3 Nf6 7. Nc3 Bg4 8. Be2 O-O-O 9. h3 Bh5 10. Bg5 h6 11. Nd5 Qe8 12. Bxf6 gxf6
13. Nxf6 Qe7 14. Nxh5 Qxe4 15. Ng3 Qb4+ 16. Qd2 Qxb2 17. O-O Qf6 18. Qd4 Qg6
19. Bd3 Bg7 20. Bxg6 Bxd4 21. Bf5+ Kb8 22. Nxd4 c5 23. Nf3 d5 24. Rab1 b6 25.
Ne5 Rhg8 26. Nc6+ Kc7 27. Nxd8 Kxd8 28. a4 h5 29. a5 h4 30. Ne2 Kc7 31. axb6+
axb6 32. Rb3 Re8 33. Nf4 Re5 34. Bg4 Re4 35. Nxd5+ Kc6 36. Rfb1 Rb4 37. Nxb4+
cxb4 38. Rxb4 Kc5 39. Rf4 {suite illisible} 1-0

[Event "27e tournoi 1hKO"]
[Site "Montigny le Bretonneux"]
[Date "2025.06.01"]
[Round "9.17"]
[White "Orfila, Hugo"]
[Black "Bouloc, Roger"]
[Result "0-1"]
[WhiteElo "1299"]
[BlackElo "1438"]
[Annotator "Rivier,Sylvain"]
[PlyCount "68"]
[EventDate "2025.??.??"]
[WhiteTeam "Club d'Echecs de Guyancourt"]
[BlackTeam "La Dame Noire"]

{Défense sicilienne, variante Rossolimo} 1. e4 c5 2. Nf3 Nc6 3. Nc3 e6 4. Bc4
a6 5. d4 b5 6. Bb3 cxd4 7. Nxd4 Qb6 8. Be3 Bc5 9. Nce2 Nge7 10. O-O O-O 11. c4
b4 12. Qd3 Ne5 13. Qd2 Rd8 14. f4 N5c6 15. Qd3 Nxd4 16. Bxd4 Bxd4+ 17. Nxd4 Ng6
18. Bc2 e5 19. fxe5 Nxe5 20. Qh3 Qxd4+ 21. Kh1 d5 22. exd5 Bxh3 23. gxh3 Qxc4
24. Bb3 Qe4+ 25. Kg1 Nf3+ 26. Kh1 Nd2+ 27. Kg1 Nxf1 28. Kxf1 Re8 29. d6 Rad8
30. Ba4 Qe2+ 31. Kg1 Qxb2 32. Rf1 Re2 33. Bc6 Rxd6 34. Bb7 Rg6+ 0-1

[Event "27e tournoi 1hKO"]
[Site "Montigny le Bretonneux"]
[Date "2025.06.01"]
[Round "9.18"]
[White "Couradin, Bruno"]
[Black "El Hamoui, Noah"]
[Result "0-1"]
[WhiteElo "1554"]
[BlackElo "1299"]
[Annotator "Rivier,Sylvain"]
[PlyCount "64"]
[EventDate "2025.??.??"]
[WhiteTeam "La Dame Noire"]
[BlackTeam "Saint-Quentin en Yvelines"]

{Partie italienne} 1. e4 e5 2. Nf3 Nc6 3. Bc4 Bc5 4. d3 Nf6 5. Nc3 d6 6. Bg5
Be6 7. Bd5 O-O 8. O-O h6 9. Bh4 Rb8 10. a3 Nd4 11. Nxd4 Bxd4 12. Qd2 c6 13.
Bxe6 fxe6 14. Rab1 d5 15. Bxf6 Qxf6 16. exd5 exd5 17. Ne2 Bb6 18. Kh1 Rf7 19.
f4 Rbf8 20. g3 Qd6 21. c3 Bc7 22. Kg2 Qg6 23. fxe5 Bxe5 24. Rxf7 Rxf7 25. Rf1
Rxf1 26. Kxf1 b6 27. Qe3 Qf6+ 28. Kg2 g5 29. d4 Bd6 30. Qe8+ Kg7 31. Qxc6 Qe6
32. Kf2 Bxg3+ 0-1

[Event "27e tournoi 1hKO"]
[Site "Montigny le Bretonneux"]
[Date "2025.06.01"]
[Round "9.19"]
[White "Gabory, Clement"]
[Black "Ouaddi, Oussama"]
[Result "0-1"]
[WhiteElo "1299"]
[BlackElo "1566"]
[Annotator "Rivier,Sylvain"]
[PlyCount "62"]
[EventDate "2025.??.??"]
[WhiteTeam "Club d'Echecs de Guyancourt"]
[BlackTeam "Club d'Echecs de Triel sur Seine"]

{Défense sicilienne} 1. e4 c5 2. Bc4 e6 3. Nf3 a6 4. O-O d5 5. exd5 exd5 6.
Bb3 c4 7. Ba4+ b5 8. d3 bxa4 9. Re1+ Be7 10. Nc3 Nf6 11. Bg5 O-O 12. Qe2 Be6
13. Ne5 Nbd7 14. Nxd7 Nxd7 15. Bxe7 Qxe7 16. Nxa4 Qg5 17. Qf3 h5 18. h3 h4 19.
Nc3 d4 20. dxc4 dxc3 21. bxc3 Ne5 22. g4 Nxf3+ 23. Kg2 Nxe1+ 24. Rxe1 Bxc4 25.
Re4 Bd5 26. f3 Bxe4 27. fxe4 Qf4 28. c4 Rad8 29. c5 Rd2+ 30. Kg1 Qf2+ 31. Kh1
Qg2# 0-1

[Event "27e tournoi 1hKO"]
[Site "Montigny le Bretonneux"]
[Date "2025.06.01"]
[Round "9.20"]
[White "Tanchoux, Pierre"]
[Black "Carbonero, Jean Marc"]
[Result "1-0"]
[WhiteElo "1462"]
[BlackElo "1399"]
[Annotator "Rivier,Sylvain"]
[PlyCount "39"]
[EventDate "2025.??.??"]
[WhiteTeam "La Dame Noire"]
[BlackTeam "La Dame Noire"]

{Début Réti, système Barcza} 1. Nf3 d5 2. g3 Nc6 3. Bg2 Nf6 4. d3 e5 5. O-O
Bc5 6. Nxe5 O-O 7. Nxc6 bxc6 8. d4 Bb6 9. c3 Be6 10. Nd2 c5 11. Nf3 c4 12. Bf4
c5 13. e3 Bf5 14. Ne5 Ne4 15. f3 g5 16. fxe4 gxf4 17. exf5 fxg3 18. Qg4+ Kh8
19. hxg3 Rg8 20. Nxf7# 1-0

[Event "27e tournoi 1hKO"]
[Site "Montigny le Bretonneux"]
[Date "2025.06.01"]
[Round "9.21"]
[White "Fasquelle, Yann"]
[Black "Orfila, Leila"]
[Result "1-0"]
[WhiteElo "1516"]
[BlackElo "1299"]
[Annotator "Rivier,Sylvain"]
[PlyCount "67"]
[EventDate "2025.??.??"]
[WhiteTeam "Saint-Quentin en Yvelines"]
[BlackTeam "Club d'Echecs de Guyancourt"]

{Partie espagnole} 1. e4 e5 2. Nf3 Nc6 3. Bb5 Bd6 4. a3 Nf6 5. d3 a6 6. Ba4 b5
7. Bb3 O-O 8. Be3 Bb7 9. O-O Nd4 10. Nxd4 exd4 11. Bxd4 Ne8 12. Nd2 Qh4 13. g3
Qh3 14. Qe2 c5 15. Bc3 Bc7 16. f4 Nd6 17. Bd5 Bxd5 18. exd5 Rae8 19. Qf2 Re7
20. Qxc5 Bb8 21. Ne4 h6 22. Rae1 Rfe8 23. Nxd6 Rxe1 24. Bxe1 Re2 25. Bf2 g5 26.
fxg5 hxg5 27. Qc8+ Kg7 28. Qxb8 f5 29. Nxf5+ Qxf5 30. Bd4+ Kg6 31. Qg8+ Kh5 32.
Rxf5 Re1+ 33. Kg2 Kg4 34. Qxg5# 1-0

[Event "27e tournoi 1hKO"]
[Site "Montigny le Bretonneux"]
[Date "2025.06.01"]
[Round "9.22"]
[White "Badjate, Nishchal"]
[Black "Leblanc, Didier"]
[Result "1-0"]
[WhiteElo "1470"]
[BlackElo "1399"]
[Annotator "Rivier,Sylvain"]
[PlyCount "62"]
[EventDate "2025.??.??"]
[WhiteTeam "La Dame Noire"]
[BlackTeam "Saint-Quentin en Yvelines"]

{Gambit dame} 1. d4 d5 2. c4 Nf6 3. cxd5 Nxd5 4. e4 Nb4 5. Qa4+ N8c6 6. d5 b5
7. Bxb5 Bd7 8. dxc6 Nxc6 9. Bxc6 f6 10. Bxd7+ Qxd7 11. Qxd7+ Kxd7 12. Nc3 e6
13. Nf3 e5 14. O-O Bc5 15. Rd1+ Bd6 16. Nb5 Rhb8 17. Nxd6 cxd6 18. b3 Rb4 19.
Ba3 Rxe4 20. Bxd6 Re8 21. Bxe5+ Ke6 22. Bd4 g5 23. Bxa7 Ra8 24. Be3 h5 25. Re1
g4 26. Nd4+ Kd7 27. Red1 Rh8 28. Nf5+ Ke6 29. Nd4+ Kf7 30. Nf5 Re5 31. Nh6+ Ke6
1-0